01231nam a2200277 a 450000100100000000500170001000800410002702000150006804000250008308200190010810000310012724500870015824600340024526000370027930000280031650000630034450000350040759000280044265000280047065000310049891000370052995201320056695201170069895201230081599900150093800001021220240412074216.0091005s2004 dr a 000 0 spa d a9993429341 aDO-SdBNPbspacBNPHU aRD861.5bH526e1 aHensch, Stéphanie92521010aEntre sueños y estrellas = Mon voyage permis les etoiles /cStéphanie, Hensch.14aMon voyage permis les etoiles aSanto Domingo :bCollado,c2004. a114 p. :bil. ;c22 cm. aIncluye datos biográficos del autor en la contracubierta aTexto en español y francés aInventariado, 2019 / DG 0aPoesía dominicana966 0aLiteratura dominicana.967 aValidado. Control de calidad MFF 001054708DSaGRbGRcHDd2009-10-05iLF1l0oRD861.5 H526ep10212-30r2020-06-25te. 3w2020-06-25yLFDSZPréstamo en sala 0010718PDaPDbPDcHDd2009-10-05iLF1l0oRD861.5 H526ep10212-10r2020-06-25w2020-06-25yLFPDZNo se presta 0010718PDaPDbPDcHDd2009-10-05iLF1l0oRD861.5 H526ep10212-20r2020-06-25te. 2w2020-06-25yLFPDZNo se presta c9971d9971